|
|
|
|
| LEADER |
00000nam a2200000 a 4500 |
| 001 |
vtls008623974 |
| 003 |
SK-MaSNL |
| 005 |
20260301224006.0 |
| 008 |
240314 000 0 eng |
| 040 |
|
|
|a SNK
|b slo
|c SNK
|e AACR2
|
| 100 |
1 |
|
|a Engel, Johann Christian von,
|d 1770-1814
|4 aut
|9 313478
|
| 245 |
1 |
0 |
|a Geschichte des Ungrischen reichs
|n zweyter theil
|
| 260 |
|
|
|a Wien
|b Friedrich Volke`s Buchhandlung
|c 1834
|
| 300 |
|
|
|a 386 s.
|
| 999 |
|
|
|c 945621
|d 947551
|
| 952 |
|
|
|a SNK
|b SNK
|y PREZ
|7 0
|p 17A0498773
|o snkSD 12837/2
|i snk712/57
|3 rekatalogizácia
|0 0
|1 0
|4 0
|d 2006-02-18
|l 0
|r 2025-11-26 00:00:00
|w 2026-02-24
|